{"text_format":"3","workbook":"xlsx","n_sheets":2,"sheets":["Specification of materials","Annex B -Pricing "],"not_rendered":{"defined_names":1,"comments":1},"read":"whole","date_system":"1900"}

{"sheet":"Specification of materials","index":0,"n_rows":41,"n_cols":11,"rows_kept":41,"hidden":true,"merged":[[2,2,2,7]]}
[]
[]
[null,null,"DETAIL SPECIFICATIONS - Hardware materials for toilet construction at 6 schools"]
[]
[null,"SN ",null,"Procurement Threshold Waiving ",{"$nulls":3},"Tender Publication ",null,"to ","Quotations"]
[]
[null,"Outcome 2- Resilient, safe and inclusive WASH infrastructure and practices established and used in communities, schools and health facilities"]
[null,null,"Detail Specification "]
[null,"SN ","Item Name "," Detail of specification","Unit ","Req Qty","Est Rate ","Amount "]
[null,1,"Arcon elbow "," Arcon Elbow 22mm2","PCS",60,46,{"$f":"F10*G10","v":{"v":2760,"d":"2,760.00"}}]
[null,2,"S & P Trap","S & P Trap 50mm","PCS",12,32,{"$f":"F11*G11","v":{"v":384,"d":"384.00"}}]
[null,3,"PVC Pipe","PVC pipes 50mm","LTH",6,50,{"$f":"F12*G12","v":{"v":300,"d":"300.00"}}]
[null,4,"Water tank for hand washing","1000 Litres tuffa tank",null,12,1192,{"$f":"F13*G13","v":{"v":14304,"d":"14,304.00"}}]
[null,5,"Panel rib","Panel Rib - Pool Blue color 8FT","SHTS",360,67,{"$f":"G14*F14","v":{"v":24120,"d":"24,120.00"}}]
[null,6,"Cement"," 40 kg Cement","Bag",90,40,{"$f":"G15*F15","v":{"v":3600,"d":"3,600.00"}}]
[null,7,"Rooffing iron","Roofing iron zinc 12FT","SHTS",60,{"v":69.5,"d":"69.50"},{"$f":"G16*F16","v":{"v":4170,"d":"4,170.00"}}]
[null,8,"Nail","4'BT/H Nail 400g","CTN",1,225,{"v":225,"d":"225.00"}]
[null,9,"Nail","3'BT/H Nail 400g","CTN",3,225,{"$f":"G18*F18","v":{"v":675,"d":"675.00"}}]
[null,10,"Nail","2'BT/H Nail 400g","CTN",2,225,{"v":450,"d":"450.00"}]
[null,11,"Nail","Clout nail 500g","CTN",1,400,{"v":400,"d":"400.00"}]
[null,12,"Vent cowl","Vent cowl 100mm","PCS",24,10,{"v":240,"d":"240.00"}]
[null,13,"PVC pipe","PVC Pipe 100mm","PCS",24,110,{"v":2640,"d":"2,640.00"}]
[null,14,"Flat iron","Flat iron 8 x 4 ","SHTS",2,145,290]
[null,15,"End cap","PVC end cap 100mm","PCS",12,8,96]
[null,16,"PVC elbow","PVC elbow 100 x 90°","PCS",24,20,480]
[null,17,"Arcon pipe","Roll arcon pipe 22mm x 25m","Roll",6,725,4350]
[null,18,"Pillar Taps","Pillar Taps 22mm","PCS",8,178,1424]
[null,19,"MESH WIRE ","MESH WIRE F62 *3x 2.4mtrs","Roll",12,150,{"v":1800,"d":"1,800.00"}]
[null,20,"Pad bolt"," Pad Bolt 100mm","PCS",30,10,{"v":300,"d":"300.00"}]
[null,21,"Barrel bolt","Barrel Bolt","PCS",30,25,{"v":750,"d":"750.00"}]
[null,22,"Butt hinge"," Butt hinge_100mm Hardline *","PCS",30,15,{"v":450,"d":"450.00"}]
[null,23,"Silicon","All clear silicon",null,12,55,{"v":660,"d":"660.00"}]
[null,24,"LOK LOCRETE","LOK LOCRETE 1 LTR",null,6,80,{"v":480,"d":"480.00"}]
[null,25,"Tie wire","Tie wire 1kg","Roll",6,16,{"v":96,"d":"96.00"}]
[null,26,"Chicken roll","Chicken wire ","Roll",1,260,{"v":260,"d":"260.00"}]
[null,27,"wooden sht*8x4xx12mm*","Ply wood_8x4xx12mm","PCS",6,145,{"v":870,"d":"870.00"}]
[null,28,"Toilet seat","Black plastic","PCS",24,46,{"v":1104,"d":"1,104.00"}]
[null,29,"Grate","Floor grate 100mm",null,6,18,{"v":108,"d":"108.00"}]
[null,30,"Wall elbow","Wall elbow 22mm",null,12,50,{"v":600,"d":"600.00"}]
[null,31,"Hand basin","PVC hand basin","PCS",12,295,{"v":3540,"d":"3,540.00"}]
[{"$nulls":7},{"$f":"SUM(H10:H40)","v":{"v":71926,"d":"71,926.00"}}]

{"sheet":"Annex B -Pricing ","index":1,"n_rows":32,"n_cols":14,"rows_kept":32,"merged":[[1,1,1,13],[2,1,2,13],[4,1,4,13],[5,1,5,4],[5,5,5,10],[6,1,6,4],[6,5,6,10],[7,1,7,4],[7,5,7,10],[8,1,8,4],[8,5,8,10],[10,1,10,4],[13,1,13,13],[24,1,24,13],[27,1,27,11],[28,1,28,11],[29,1,29,11],[30,1,30,11],[31,1,31,11]]}
[]
[null,"ANNEX B - PRICING SCHEDULE"]
[null,"Supply of Tablets, Accessories and Associated Power and Connectivity Equipment - Kano State  |  All prices in Nigerian Naira (NGN), exclusive of VAT  |  Delivered-at-Place (DAP), Kano State"]
[]
[null,"BIDDER DETAILS - to be completed in full"]
[null,"Company Name"]
[null,"Contact Person and Position"]
[null,"Email Address and Telephone"]
[null,"Price Validity Period (calendar days from closing date - minimum 90)"]
[]
[null,"VAT rates are  exempted under the Nigeria Law for Educational Materials",{"$nulls":3},{"v":0,"d":"0.0%"}]
[]
[null,"Line","Item Name","Detail of Specification","Unit","Req Qty","Make, Model and Part Number Offered","Country of Origin / Manufacturer","Compliant with Annex A? (Y/N)","If N, describe the deviation in full","Warranty Offered (months)","Unit Price (NGN, excl. VAT)","Total Price (NGN, excl. VAT)","Lead Time( DAP) (calendar days)"]
[null,"SECTION 1 - GOODS"]
[null,1,"Samsung Galaxy Tab  A11+"," Samsung Galaxy Tab 11+ ( Please see detail specifiction in Annex A)","Pieces",500,{"$nulls":6},{"$f":"IF(L15=\"\",\"\",F15*L15)","v":""}]
[null,2,"Tablets for teacher Samsung Galaxy Tab S6 Lite","Tablets for teachers (Samsung Galaxy Tab S6 Lite ( Please see detail specifiction in Annex A)","Pieces",24,{"$nulls":6},""]
[null,3,"Havit H220d Wired Headphone","Wired headphone with microphone, 3.5mm (see Annex A for the full specification)","Pieces",524,{"$nulls":6},""]
[null,4,"Protective Case - Tab A9+ / A11+, with shoulder strap","Silicone + PC case with rotating stand and shoulder strap (see Annex A for the full specification)","Pieces",500,{"$nulls":6},""]
[null,5,"Protective Case - Tab S6 Lite, with shoulder strap","Silicone + PC case with rotating stand and shoulder strap (see Annex A for the full specification)","Pieces",24,{"$nulls":6},""]
[null,7,"Charging stations for tablets(Manhattan 32-Port USB-C Charging Cabinet on wheels)","Charging stations for tablets(Manhattan 32-Port USB-C Charging Cabinet on wheels) ( Please see detail specifiction in Annex A)","Pieces",24,{"$nulls":6},""]
[null,8,"Original Type-C Charger for Tablets","Manufacturer-original Type-C mains charger, Nigerian Type G plug [SPECIFICATION REQUIRED IN ANNEX A]","Pieces",120,{"$nulls":6},""]
[null,9,"MTN and AIRTEL 5G Premium Router (hardware)","5G NR / 4G LTE dual-band fixed wireless router (see Annex A for the full specification) ( MTN 5G Router - 7 pieces and AIRTEL Router - 8 pieces)","Pieces",15,{"$nulls":6},""]
[null,11,"Magic Box (mini PC with switch and cables)","Magic Box (mini PC with a switch and cables.) ( Please see detail specifiction in Annex A)","Pieces",1,{"$nulls":6},""]
[null,12,"Laptop, laptop bag and mouse for teachers","Teacher laptop, laptop bag pack, and wireless Mouse","Set",12,{"$nulls":6},""]
[null,"SECTION 2 - DELIVERY, INSTALLATION AND ASSOCIATED SERVICES"]
[null,13,"Delivery to place (DAP), Kano State, Nigeria","Transport, insurance in transit and offloading to the delivery point(s) in Kano State, Nigeria  Enter 0 if included in Section 1 unit prices.","Lot",1,{"$nulls":6},{"$f":"IF(L26=\"\",\"\",F26*L26)","v":""}]
[]
[null,"Subtotal - Section 1, Goods (NGN, excl. VAT)",{"$nulls":10},{"$f":"SUM(M15:M24)","v":{"v":0,"d":"0.00"}}]
[null,"Subtotal - Section 2, Services (NGN, excl. VAT)",{"$nulls":10},{"$f":"SUM(M26:M26)","v":{"v":0,"d":"0.00"}}]
[null,"TOTAL TENDER PRICE (NGN, EXCLUSIVE OF VAT)",{"$nulls":10},{"$f":"M28+M29","v":{"v":0,"d":"0.00"}}]
[null,"VAT",{"$nulls":10},{"$f":"M30*$F$11","v":{"v":0,"d":"0.00"}}]
[null,"TOTAL TENDER PRICE (NGN, INCLUSIVE OF VAT)",{"$nulls":10},{"$f":"M30+M31","v":{"v":0,"d":"0.00"}}]